000 00830nam a22002297a 4500
008 090202t xxu||||| |||| 00| 0 eng d
010 _aENG-92764
020 _c230.00
035 _aEN-76297
037 _bDBAD / PUB
040 _adpl
_bEnglish
082 _a576.11
100 _aMangaiyarkarasi, K.
245 _aA text book of mocrobial physiology /
_cby K. Mangaiyarkarasi
260 _aTamilnadu
_bK. Mangaiyarkarasi
_c2008
300 _a261p.
_c24cm (pbk)
500 _aIncludes glossary, references and index
650 _aMicroorganism
_xPhysiology.
650 _aMicrobiology.
942 _2ddc
_cEN
_mLEO
_h576.11
999 _c22862
_d22862